Hamster Deaths - Statistics

General Stats
  • This quiz has been taken 25 times
  • The average score is 2 of 23
Answer Stats
Answer % Correct
Microwave
63%
Drown
37%
Vacuum
37%
Dropped
11%
Cold Air
5%
Diarrhea
5%
Fan Blade
5%
Fear
5%
Fireplace
5%
Stairs
5%
Baking
0%
Ball Launched
0%
Balloon
0%
Bicycle
0%
Books
0%
Buried Alive
0%
Food Explosion
0%
Neck Break
0%
Pencil
0%
Running Fast
0%
Seisure
0%
Shocked
0%
Sneezed
0%
No matching quizzes found
Score Distribution
Percent of People with Each Score
Percentile by Number Answered
Your Score History
You have not taken this quiz